Tropical feeds : feed information summaries and nutritive values

Bibliographic Details
Main Author: GOHL
Corporate Author: Food and Agriculture Organization of the United Nations (FAO)
Format: Book
Published: Rome : [New York : Food and Agriculture Organization of the United Nations; Unipub, distributor] , 1981
Series:FAO animal production and health series; no. 12
Subjects:

MARC

LEADER 00000cam a2200000 7i4500
001 0000002366
005 20030531.0
020 0 0 |a 9251004633 
090 0 0 |a FAO636.08550913   |b GOH 1981 
100 1 0 |a GOHL   |h Bo 
245 1 0 |a Tropical feeds :   |b feed information summaries and nutritive values   |c by Bo Göhl 
260 0 0 |a Rome :   |b Food and Agriculture Organization of the United Nations;   |a [New York :   |b Unipub, distributor] ,   |c 1981 
300 |a xviii, 529 p. :   |b ill. ;   |c 25 cm. 
440 0 0 |a FAO animal production and health series; no. 12 
500 0 0 |a Includes bibliographical references and indexes 
650 0 0 |a Animal nutrition   |z Tropics 
650 0 0 |a Feeds   |x Composition 
650 0 0 |a Feeds   |z Tropics   |x Composition 
650 0 0 |a Forage plants   |x Composition 
650 0 0 |a Forage plants   |z Tropics   |x Composition 
710 1 1 |a Food and Agriculture Organization of the United Nations (FAO) 
998 |a JPSM 
999 |a 0000004126   |b Monograph   |c Open Shelf   |e Default branch